[Event "Timbo op"]
[Site "Timbo"]
[Date "2021.02.20"]
[Round "4"]
[White "Lanznaster, Rafael"]
[Black "Almeida, Heidy Jose Moreira"]
[Result "1/2-1/2"]
[WhiteElo "1358"]
[BlackElo "1863"]
[PlyCount "95"]
[EventDate "2021.02.19"]
[EventType "swiss"]
[EventRounds "6"]
[EventCountry "BRA"]
[SourceTitle "EXT 2022"]
[Source "ChessBase"]
[SourceDate "2021.10.06"]
[SourceVersion "1"]
[SourceVersionDate "2021.10.06"]
[SourceQuality "1"]

1. c4 Nf6 2. Nc3 g6 3. g3 d5 4. cxd5 Nxd5 5. Bg2 Nxc3 6. bxc3 Bg7 7. e3 0-0 8. Rb1 c6 9. Ne2 Nd7 10. d4 Qa5 11. Qc2 Nb6 12. Qb3 Be6 13. Qa3 Qxa3 14. Bxa3 Rfe8 15. Rb2 Nc4 16. Rb3 Nxa3 17. Rxa3 a5 18. Nf4 Bc4 19. Bf1 Bxf1 20. Kxf1 a4 21. c4 e5 22. dxe5 Rxe5 23. Ke2 b5 24. cxb5 cxb5 25. Rb1 Bf8 26. Rc3 b4 27. Rc4 Rb5 28. Nd3 b3 29. axb3 axb3 30. Rc3 b2 31. Rxb2 Rxb2+ 32. Nxb2 Ra2 33. Rb3 Ba3 34. Rxa3 Rxa3 35. Nd3 f6 36. h4 Kf7 37. Nf4 Ra5 38. e4 Ra3 39. g4 g5 40. hxg5 fxg5 41. Nd3 Ke6 42. f3 Ra1 43. Kd2 Ra2+ 44. Ke3 Ra3 45. Ke2 Kd6 46. Ke3 Ke6 47. Kd4 Ra4+ 48. Ke3 1/2-1/2

[Event "Santa Catarina-ch 64th "]
[Site "Lages"]
[Date "2020.02.15"]
[Round "3"]
[White "Cardoso, Lucas Emanuel Alves"]
[Black "Lanznaster, Rafael"]
[Result "1-0"]
[WhiteElo "1267"]
[BlackElo "1369"]
[PlyCount "61"]
[EventDate "2020.02.14"]
[EventType "swiss"]
[EventRounds "6"]
[EventCountry "BRA"]
[SourceTitle "CBM 195 Extra"]
[Source "ChessBase"]
[SourceDate "2020.05.31"]
[SourceVersion "1"]
[SourceVersionDate "2020.05.31"]
[SourceQuality "1"]

1. e4 e6 2. d4 d5 3. Nc3 Nf6 4. e5 Nfd7 5. f4 c5 6. Nf3 Nc6 7. Be3 a6 8. g3 Qb6 9. Qd2 cxd4 10. Nxd4 Nxd4 11. Bxd4 Bc5 12. Na4 Qb4 13. Nxc5 Qxd2+ 14. Kxd2 0-0 15. Nxd7 Bxd7 16. Bd3 b5 17. g4 g6 18. h4 b4 19. Rag1 a5 20. f5 Kh8 21. f6 Rfb8 22. Be3 Rg8 23. Bh6 Rab8 24. h5 g5 25. Bg7+ Rxg7 26. fxg7+ Kxg7 27. h6+ Kh8 28. Rf1 Rf8 29. Rh5 Rg8 30. Rxf7 Be8 31. Rxh7# 1-0

[Event "BRA-ch Regional Sul"]
[Site "Lages"]
[Date "2019.10.18"]
[Round "2"]
[White "Moraes, Maurino Anastacio"]
[Black "Lanznaster, Rafael"]
[Result "1-0"]
[WhiteElo "1559"]
[BlackElo "1379"]
[PlyCount "37"]
[EventDate "2019.10.18"]
[EventType "swiss"]
[EventRounds "5"]
[EventCountry "BRA"]
[SourceTitle "CBM 195 Extra"]
[Source "ChessBase"]
[SourceDate "2020.05.31"]
[SourceVersion "1"]
[SourceVersionDate "2020.05.31"]
[SourceQuality "1"]

1. e4 e6 2. d4 d5 3. Nc3 Nf6 4. e5 Nfd7 5. Nf3 c5 6. Be3 cxd4 7. Bxd4 Nc6 8. Be2 Qc7 9. Nb5 Qb8 10. 0-0 Ndxe5 11. Nxe5 Nxe5 12. Re1 Bd7 13. a4 a6 14. Nc3 Bd6 15. g3 0-0 16. Bf1 Qc7 17. Qh5 g6 18. Rxe5 gxh5 19. Rg5# 1-0

[Event "Florianopolis Winter op 5th"]
[Site "Florianopolis"]
[Date "2019.09.01"]
[Round "7"]
[White "Lanznaster, Rafael"]
[Black "Novello, Gabriela Brasil"]
[Result "1-0"]
[WhiteElo "1378"]
[BlackElo "1162"]
[PlyCount "81"]
[EventDate "2019.08.30"]
[EventType "swiss"]
[EventRounds "7"]
[EventCountry "BRA"]
[SourceTitle "EXT 2020"]
[Source "ChessBase"]
[SourceDate "2019.10.17"]
[SourceVersion "1"]
[SourceVersionDate "2019.10.17"]
[SourceQuality "1"]

1. c4 Nf6 2. Nc3 d6 3. g3 g6 4. Bg2 Bg7 5. e3 c6 6. Nge2 0-0 7. 0-0 e5 8. d4 exd4 9. exd4 Re8 10. Bg5 Nbd7 11. d5 cxd5 12. Nxd5 h6 13. Bf4 Nxd5 14. Bxd5 Nb6 15. Nc3 Nxd5 16. cxd5 g5 17. Be3 b6 18. Bd4 f6 19. Qd3 Qd7 20. Qg6 Qf7 21. Qxf7+ Kxf7 22. Nb5 Rd8 23. Rac1 Rd7 24. Rc6 Bf8 25. Rfc1 a6 26. Na3 Rd8 27. Bxb6 Re8 28. Rc7+ Kg6 29. Nc4 Rd8 30. Rc6 Rd7 31. Ne3 Bb7 32. R6c4 a5 33. Ra4 f5 34. Rxa5 Rxa5 35. Bxa5 f4 36. gxf4 gxf4 37. Ng2 f3 38. Nf4+ Kf5 39. Ne6 Be7 40. Bd2 Bxd5 41. Nf4 1-0

[Event "Sao Bento do Sul op 07"]
[Site "Sao Bento do Sul"]
[Date "2019.07.13"]
[Round "5"]
[White "Mezzon, Joao Paulo Jaguszes"]
[Black "Lanznaster, Rafael"]
[Result "1-0"]
[WhiteElo "1574"]
[BlackElo "1380"]
[PlyCount "85"]
[EventDate "2019.07.12"]
[EventType "swiss"]
[EventRounds "7"]
[EventCountry "BRA"]
[SourceTitle "CBM 195 Extra"]
[Source "ChessBase"]
[SourceDate "2020.05.31"]
[SourceVersion "1"]
[SourceVersionDate "2020.05.31"]
[SourceQuality "1"]

1. d4 d5 2. Nf3 Nf6 3. Bf4 e6 4. e3 c5 5. c3 Nc6 6. Bd3 cxd4 7. exd4 Be7 8. 0-0 a6 9. Nbd2 h6 10. Re1 Nh5 11. Be5 f6 12. Bg6+ Kd7 13. Bxh5 fxe5 14. Nxe5+ Nxe5 15. Rxe5 Bf6 16. Re2 Kc7 17. Nf3 Bd7 18. Ne5 Bxe5 19. Rxe5 Qf6 20. Qf3 Qxf3 21. Bxf3 Rhf8 22. Rae1 Rf6 23. R1e2 Raf8 24. R5e3 b6 25. Bg4 Kd6 26. Rf3 g6 27. Ree3 h5 28. Rxf6 Rxf6 29. Rf3 Rxf3 30. Bxf3 e5 31. dxe5+ Kxe5 32. Kf1 Bb5+ 33. Be2 Bc4 34. b3 Bxe2+ 35. Kxe2 Ke4 36. f3+ Ke5 37. Ke3 g5 38. g3 a5 39. a4 Kf5 40. h4 g4 41. f4 Ke6 42. Kd4 Kd6 43. f5 1-0

[Event "Sao Bento do Sul op 05"]
[Site "Sao Bento do Sul"]
[Date "2019.05.18"]
[Round "4"]
[White "Huttl, Marko Diego"]
[Black "Lanznaster, Rafael"]
[Result "1-0"]
[WhiteElo "1548"]
[BlackElo "1381"]
[PlyCount "61"]
[EventDate "2019.05.17"]
[EventType "swiss"]
[EventRounds "7"]
[EventCountry "BRA"]
[SourceTitle "CBM 195 Extra"]
[Source "ChessBase"]
[SourceDate "2020.05.31"]
[SourceVersion "1"]
[SourceVersionDate "2020.05.31"]
[SourceQuality "1"]

1. e4 e6 2. Nf3 d5 3. exd5 exd5 4. d4 Nf6 5. Be2 Bd6 6. 0-0 Bf5 7. c4 dxc4 8. Qa4+ Nc6 9. Qb5 Qc8 10. Bxc4 0-0 11. Nc3 a6 12. Qb3 Na5 13. Qa4 Nc6 14. Qd1 Qd7 15. a3 b5 16. Bd3 Bxd3 17. Qxd3 Rfe8 18. Bg5 Bc5 19. Bxf6 gxf6 20. d5 Ne7 21. Ne4 Qf5 22. Nxc5 Qxd3 23. Nxd3 Nxd5 24. Rfe1 c6 25. Rac1 Rxe1+ 26. Rxe1 Rc8 27. Nc5 a5 28. Nd4 a4 29. Nf5 Rd8 30. Nb7 Rd7 31. Re8# 1-0

[Event "Florianopolis op 5th"]
[Site "Florianopolis"]
[Date "2019.01.24"]
[Round "6"]
[White "Lanznaster, Rafael"]
[Black "Jodorcovsky, Paulo Leonardo"]
[Result "0-1"]
[WhiteElo "1470"]
[BlackElo "1722"]
[PlyCount "80"]
[EventDate "2019.01.21"]
[EventType "swiss"]
[EventRounds "10"]
[EventCountry "BRA"]
[SourceTitle "CBM 188 Extra"]
[Source "ChessBase"]
[SourceDate "2019.02.26"]
[SourceVersion "1"]
[SourceVersionDate "2019.02.26"]
[SourceQuality "1"]

1. c4 e6 2. d4 d5 3. cxd5 exd5 4. g3 c6 5. Bg2 Be7 6. Nc3 Nf6 7. Bf4 Bf5 8. Nf3 h6 9. Qb3 Qb6 10. Qxb6 axb6 11. 0-0 Nbd7 12. Rfe1 0-0 13. Nh4 Bh7 14. Nf3 Rfe8 15. Bh3 g5 16. Bxd7 Nxd7 17. Bd2 Bd6 18. Bc1 Re6 19. b3 Rae8 20. a4 Bb4 21. Bb2 Bxc3 22. Bxc3 Rxe2 23. Rxe2 Rxe2 24. Re1 Rxe1+ 25. Bxe1 Bc2 26. Nd2 c5 27. dxc5 bxc5 28. Kf1 Ne5 29. Ke2 Nd3 30. a5 Kf8 31. f3 Nxe1 32. Kxe1 Ke7 33. Ke2 Kd6 34. Ke3 Kc6 35. f4 g4 36. h3 gxh3 37. Kf2 Kb5 38. Kg1 Kxa5 39. Kh2 Kb4 40. Kxh3 Bxb3 0-1

[Event "Florianopolis op 5th"]
[Site "Florianopolis"]
[Date "2019.01.21"]
[Round "1"]
[White "Brito, Vicente de Paulo Al"]
[Black "Lanznaster, Rafael"]
[Result "1-0"]
[WhiteElo "1985"]
[BlackElo "1470"]
[PlyCount "55"]
[EventDate "2019.01.21"]
[EventType "swiss"]
[EventRounds "10"]
[EventCountry "BRA"]
[SourceTitle "CBM 188 Extra"]
[Source "ChessBase"]
[SourceDate "2019.02.26"]
[SourceVersion "1"]
[SourceVersionDate "2019.02.26"]
[SourceQuality "1"]

1. e4 e6 2. d4 d5 3. e5 c5 4. c3 Nc6 5. Nf3 Qb6 6. a3 c4 7. Nbd2 Na5 8. Be2 Bd7 9. 0-0 Ne7 10. Rb1 Nb3 11. Bxc4 Nxd2 12. Nxd2 dxc4 13. Nxc4 Qa6 14. Nd6+ Kd8 15. Nxf7+ Ke8 16. Nxh8 Nf5 17. Qh5+ Kd8 18. Nf7+ Kc7 19. Bf4 Be8 20. d5 h6 21. Qg6 Nh4 22. Qxe6 Qxe6 23. dxe6 Ng6 24. Bg3 Bxf7 25. exf7 Kd7 26. f4 Ke7 27. f5 Nxe5 28. Bxe5 1-0

[Event "Blumenau STD op"]
[Site "Blumenau"]
[Date "2018.09.28"]
[Round "2"]
[White "Manske, Dayana Luiza"]
[Black "Lanznaster, Rafael"]
[Result "0-1"]
[WhiteElo "1800"]
[BlackElo "1457"]
[PlyCount "148"]
[EventDate "2018.09.28"]
[EventType "swiss"]
[EventRounds "6"]
[EventCountry "BRA"]
[SourceTitle "EXT 2020"]
[Source "ChessBase"]
[SourceDate "2019.10.17"]
[SourceVersion "1"]
[SourceVersionDate "2019.10.17"]
[SourceQuality "1"]

1. e4 e6 2. Nf3 d5 3. Nc3 Bb4 4. a3 Bxc3 5. dxc3 Nf6 6. e5 Nfd7 7. Bg5 f6 8. Bf4 g5 9. Be3 fxe5 10. Bb5 c6 11. Bxg5 Nf6 12. Ba4 Nbd7 13. 0-0 h6 14. Bh4 e4 15. Nd4 Qe7 16. b4 e5 17. Nf5 Qf7 18. Nd6+ Ke7 19. Nxf7 Kxf7 20. f3 Ke6 21. fxe4 Nxe4 22. Qg4+ Kd6 23. Qg7 Re8 24. Qxh6+ Re6 25. Qh7 Nxc3 26. Bb3 b6 27. Rf3 Ne2+ 28. Kf2 Ba6 29. Rf7 Rf8 30. Ke1 Rxf7 31. Qxf7 Nf4 32. Kf2 Ng6 33. g3 Nxh4 34. gxh4 Rf6+ 35. Qxf6+ Nxf6 36. Rg1 Ne4+ 37. Ke1 Nf6 38. Rg6 Ke6 39. h5 Kf7 40. Kd2 Bc8 41. Ba4 b5 42. Bb3 Bd7 43. Rh6 Kg7 44. Rg6+ Kf7 45. Ke3 Nxh5 46. Rh6 Ng7 47. Rd6 Ke7 48. Rh6 Nf5+ 49. Kf3 Nxh6 50. a4 a6 51. h4 Kf6 52. Kg3 Kf5 53. axb5 axb5 54. Kh3 Kf4+ 55. Kh2 Kg4 56. c3 Kxh4 57. Bd1 Bg4 58. Bc2 e4 59. Kg2 Bf3+ 60. Kf1 Kg3 61. Ke1 Kg2 62. Bb3 Nf5 63. Bc2 Ne3 64. Bb3 Nc4 65. Bc2 Na3 66. Bb3 Kg1 67. Bd1 Bxd1 68. Kxd1 Kf2 69. Kc1 e3 70. Kb2 Nc4+ 71. Kc2 e2 72. Kb3 e1Q 73. Ka2 Qxc3 74. Kb1 Qb2# 0-1

[Event "Caioba Telecom op"]
[Site "Caioba"]
[Date "2018.08.03"]
[Round "6"]
[White "Lanznaster, Rafael"]
[Black "De Souza, Joao Arthur Solak"]
[Result "1-0"]
[WhiteElo "1424"]
[BlackElo "1178"]
[PlyCount "55"]
[EventDate "2018.08.01"]
[EventType "swiss"]
[EventRounds "9"]
[EventCountry "BRA"]
[SourceTitle "CBM 186 Extra"]
[Source "ChessBase"]
[SourceDate "2018.08.24"]
[SourceVersion "1"]
[SourceVersionDate "2018.08.24"]
[SourceQuality "1"]

1. c4 Nf6 2. Nc3 e6 3. g3 d5 4. cxd5 exd5 5. d4 Nbd7 6. Bg2 Bb4 7. Bg5 h6 8. Bf4 c5 9. Be3 Ng4 10. Bxd5 Nxe3 11. fxe3 Nf6 12. Bg2 Ng4 13. Qd3 Qf6 14. Nf3 c4 15. Qd2 Qe7 16. e4 Bxc3 17. bxc3 Qxe4 18. 0-0 Ne3 19. Nh4 Nxg2 20. Nxg2 Bh3 21. Rf3 g5 22. Re3 Bxg2 23. Rxe4+ Bxe4 24. Qe3 f5 25. Rf1 Rf8 26. Rxf5 0-0-0 27. Qxe4 Rxf5 28. Qxf5+ 1-0

[Event "Caioba Telecom op"]
[Site "Caioba"]
[Date "2018.08.01"]
[Round "1"]
[White "Labussiere, Victor"]
[Black "Lanznaster, Rafael"]
[Result "1-0"]
[WhiteElo "2087"]
[BlackElo "1424"]
[PlyCount "68"]
[EventDate "2018.08.01"]
[EventType "swiss"]
[EventRounds "9"]
[EventCountry "BRA"]
[SourceTitle "CBM 186 Extra"]
[Source "ChessBase"]
[SourceDate "2018.08.24"]
[SourceVersion "1"]
[SourceVersionDate "2018.08.24"]
[SourceQuality "1"]

1. c4 e6 2. Nc3 Nf6 3. e4 Nc6 4. Nf3 d6 5. d4 e5 6. d5 Ne7 7. Be2 Bd7 8. Be3 Ng4 9. Bd2 c5 10. dxc6 Bxc6 11. h3 Nf6 12. Qc2 Ng6 13. g3 Qc8 14. 0-0-0 Bd7 15. h4 Be6 16. Nd5 Nxd5 17. cxd5 Qxc2+ 18. Kxc2 Rc8+ 19. Kb3 Bd7 20. Rc1 Be7 21. Rxc8+ Bxc8 22. Rc1 0-0 23. Be3 a6 24. Nd2 Bd7 25. Rc7 Bc8 26. h5 Re8 27. hxg6 fxg6 28. Nc4 h6 29. Nb6 Bh3 30. Rxb7 Bd8 31. Bxa6 Bxb6 32. Rxb6 Bg4 33. Rxd6 Bd1+ 34. Kc3 Ba4 1-0

[Event "Florianopolis op 4th"]
[Site "Florianopolis"]
[Date "2018.01.22"]
[Round "5"]
[White "Lanznaster, Rafael"]
[Black "Araujo, Karla Priscilla Car"]
[Result "1/2-1/2"]
[WhiteElo "1415"]
[BlackElo "1800"]
[PlyCount "60"]
[EventDate "2018.01.19"]
[EventType "swiss"]
[EventRounds "10"]
[EventCountry "BRA"]
[SourceTitle "EXT 2019"]
[Source "ChessBase"]
[SourceDate "2018.10.10"]
[SourceVersion "1"]
[SourceVersionDate "2018.10.10"]
[SourceQuality "1"]

1. c4 Nf6 2. Nc3 g6 3. e4 d6 4. g3 Bg7 5. Bg2 0-0 6. d4 Nbd7 7. Nf3 Ne8 8. 0-0 c5 9. d5 a6 10. Bd2 Nc7 11. Re1 b5 12. cxb5 axb5 13. Qc1 b4 14. Nd1 f5 15. exf5 Rxf5 16. Ne3 Rf8 17. Nc4 Nxd5 18. Ng5 Bb7 19. Ne6 Qc8 20. Nxf8 Qxf8 21. a3 Bd4 22. Be3 Nxe3 23. Nxe3 Bxg2 24. Kxg2 Ne5 25. Qc2 Qf3+ 26. Kg1 Qb7 27. Kf1 Qh1+ 28. Ke2 Qf3+ 29. Kf1 Qh1+ 30. Ke2 Qf3+ 1/2-1/2